[Event "Hastings Masters"]
[Site "Hastings"]
[Date "2010.12.31"]
[Round "4.26"]
[White "Helbig, Paul D"]
[Black "Radovanovic, Jovica"]
[Result "1/2-1/2"]
[WhiteElo "2115"]
[BlackElo "2276"]
[PlyCount "91"]
[EventDate "2010.12.28"]

1. e4 c5 2. Nc3 Nc6 3. g3 g6 4. Bg2 Bg7 5. d3 d6 6. Be3 e5 7. Qd2 Nge7 8. f4
exf4 9. Bxf4 Nd4 10. Nf3 Nxf3+ 11. Bxf3 Be6 12. Bh6 O-O 13. Bxg7 Kxg7 14. d4
Nc6 15. dxc5 Ne5 16. Be2 dxc5 17. O-O-O Qxd2+ 18. Rxd2 Rfd8 19. Rhd1 Rxd2 20.
Rxd2 Rc8 21. b3 g5 22. Nd1 c4 23. Kb2 h5 24. c3 h4 25. gxh4 gxh4 26. Ne3 cxb3
27. axb3 Kh6 28. Rd1 Rg8 29. Rf1 h3 30. Rf6+ Rg6 31. Rxg6+ Kxg6 32. c4 Kg5 33.
Kc3 Kf4 34. Kd4 Nc6+ 35. Kd3 Ne5+ 36. Kd4 Nf3+ 37. Bxf3 Kxf3 38. b4 a6 39. c5
Kf2 40. Nd1+ Kf3 41. e5 Bd7 42. Ne3 Be6 43. Nd1 Bd7 44. Ne3 Be6 45. Nd1 Bd7 46.
Ne3 1/2-1/2

[Event "Hastings Masters"]
[Site "Hastings"]
[Date "2010.12.31"]
[Round "4.27"]
[White "Coates, David H"]
[Black "Eames, Robert S"]
[Result "0-1"]
[WhiteElo "2067"]
[BlackElo "2275"]
[PlyCount "78"]
[EventDate "2010.12.28"]

1. d4 Nf6 2. c4 c5 3. d5 b5 4. cxb5 a6 5. bxa6 g6 6. Nc3 Bxa6 7. g3 Bg7 8. Bg2
d6 9. Nf3 Nfd7 10. O-O Nb6 11. Qc2 O-O 12. Rd1 Nc4 13. Nd2 Ne5 14. Ndb1 Bc8 15.
b3 Na6 16. Bb2 Bf5 17. Qd2 Nb4 18. Na3 Qd7 19. Nc4 Rfb8 20. Nxe5 Bxe5 21. Rdc1
c4 22. a3 Nc2 23. b4 Nxa1 24. Rxa1 h5 25. e4 Bg4 26. Bf1 h4 27. Bxc4 hxg3 28.
hxg3 Bf3 29. Bf1 Kg7 30. Bg2 Bxg2 31. Kxg2 Rh8 32. f4 Qh3+ 33. Kf3 Qh5+ 34. Ke3
Bf6 35. Ne2 Qg4 36. Bxf6+ exf6 37. Qb2 Rh2 38. Ra2 Rc8 39. b5 Rxe2+ 0-1

[Event "Hastings Masters"]
[Site "Hastings"]
[Date "2010.12.31"]
[Round "4.28"]
[White "Norinkeviciute, Rasa"]
[Black "Kaufeld, Juergen"]
[Result "0-1"]
[WhiteElo "2028"]
[BlackElo "2270"]
[PlyCount "84"]
[EventDate "2010.12.28"]

1. c4 Nf6 2. g3 e6 3. Bg2 d5 4. Nf3 dxc4 5. Na3 Qd5 6. Qc2 Bxa3 7. bxa3 Nbd7 8.
a4 O-O 9. Ba3 Rd8 10. Rc1 Nb6 11. h4 a5 12. Be7 Rd7 13. Ba3 h6 14. Bb2 Qf5 15.
Ne5 Qxc2 16. Rxc2 Rd8 17. Nxc4 Nxa4 18. Be5 Nd5 19. O-O c6 20. a3 f6 21. Ba1 b5
22. Ne3 Bb7 23. Bh3 Kf7 24. d3 c5 25. Rfc1 Nxe3 26. fxe3 Bd5 27. Rf1 Bb3 28.
Rcc1 c4 29. Bd4 Rd6 30. Bg2 Re8 31. Be5 Ra6 32. Bb7 Rb6 33. Be4 Rc8 34. Bd4 Nc5
35. Bg2 Rd6 36. h5 Ke7 37. g4 e5 38. Bc3 cxd3 39. Bxa5 d2 40. Rcd1 Bxd1 41.
Rxd1 Nb3 42. Bb4 Rc1 0-1

[Event "Hastings Masters"]
[Site "Hastings"]
[Date "2010.12.31"]
[Round "4.29"]
[White "Kwiatkowski, Feliks J"]
[Black "Gibson, Christopher A"]
[Result "1-0"]
[WhiteElo "2246"]
[BlackElo "1984"]
[PlyCount "65"]
[EventDate "2010.12.28"]

1. e4 c5 2. Nf3 Nc6 3. d4 cxd4 4. Nxd4 Nf6 5. Nc3 e5 6. Ndb5 d6 7. Bg5 a6 8.
Na3 b5 9. Bxf6 gxf6 10. Nd5 f5 11. Bd3 Be6 12. O-O Bxd5 13. exd5 Ne7 14. c3 Bg7
15. Nc2 O-O 16. a4 bxa4 17. Rxa4 a5 18. Ne3 e4 19. Bc2 f4 20. Nc4 f5 21. Qd2
Ng6 22. f3 e3 23. Qe2 Kh8 24. Rfa1 Nh4 25. Kh1 Bh6 26. Rg1 Rg8 27. g3 Ra7 28.
gxh4 Rxg1+ 29. Kxg1 Rg7+ 30. Kh1 Qxh4 31. Ra1 Qf2 32. Qxf2 exf2 33. Rf1 1-0

[Event "Hastings Masters"]
[Site "Hastings"]
[Date "2010.12.31"]
[Round "4.34"]
[White "Rolvag, Mikael"]
[Black "Bremner, Adam"]
[Result "1-0"]
[WhiteElo "2179"]
[BlackElo "1912"]
[PlyCount "129"]
[EventDate "2010.12.28"]

1. c4 e5 2. g3 Nc6 3. Bg2 Nf6 4. Nc3 Bc5 5. e3 d6 6. Nge2 O-O 7. O-O a6 8. a3
Ba7 9. b4 Be6 10. Nd5 Qd7 11. Nxf6+ gxf6 12. Qc2 Bh3 13. Nc3 Bxg2 14. Kxg2 Ne7
15. Ne4 Qe6 16. f4 f5 17. Ng5 Qg6 18. Bb2 h6 19. Nf3 f6 20. Rf2 Rf7 21. Raf1
Raf8 22. c5 Bb8 23. Qb3 Kh7 24. Nh4 Qg4 25. Qc2 e4 26. cxd6 cxd6 27. Qd1 Qxd1
28. Rxd1 Rc8 29. Bd4 Kg7 30. d3 Rff8 31. g4 fxg4 32. dxe4 Kf7 33. Kg3 h5 34.
Nf5 Nxf5+ 35. exf5 Rh8 36. Kh4 Rcg8 37. Rc2 Rh7 38. Rg1 Rhh8 39. Bb6 Ke7 40.
Rc4 Kd7 41. Re4 Rc8 42. Rg2 Rc3 43. Re6 d5 44. Rd2 Bxf4 45. Rxd5+ Kc8 46. Rc5+
Rxc5 47. Bxc5 Bxh2 48. Rxf6 Bg1 49. Kg3 Re8 50. Re6 Rxe6 51. fxe6 Kd8 52. a4 a5
53. b5 h4+ 54. Kg2 Bxe3 55. Bxe3 Ke7 56. Bd2 Kxe6 57. Bxa5 Kd5 58. Bd8 Kc5 59.
Be7+ Kb6 60. Bb4 Kc7 61. a5 Kb8 62. Be7 h3+ 63. Kg3 Ka8 64. Bd6 b6 65. a6 1-0

[Event "Hastings Masters"]
[Site "Hastings"]
[Date "2010.12.31"]
[Round "4.34"]
[White "Rayner, Francis"]
[Black "Kurka, Dieter"]
[Result "1/2-1/2"]
[WhiteElo "2141"]
[BlackElo "2040"]
[PlyCount "78"]
[EventDate "2010.12.28"]

1. e4 c5 2. Nf3 e6 3. b3 Nc6 4. Bb2 d6 5. d4 cxd4 6. Nxd4 Nf6 7. Nc3 Be7 8. Qd2
a6 9. O-O-O O-O 10. Be2 Nxd4 11. Qxd4 e5 12. Qd3 b5 13. g3 b4 14. Nd5 Nxd5 15.
Qxd5 Be6 16. Qd3 Qc7 17. f4 Rfc8 18. Kb1 a5 19. Rd2 a4 20. f5 Bd7 21. h4 axb3
22. cxb3 Qa5 23. Ba1 Rc5 24. Rc1 Bb5 25. Qe3 Rxc1+ 26. Kxc1 Rc8+ 27. Kb1 Qc7
28. Bb2 Qb7 29. Bxb5 Qxb5 30. Qd3 Qb6 31. Rc2 Rxc2 32. Kxc2 Qf2+ 33. Kb1 Qe1+
34. Bc1 g6 35. fxg6 hxg6 36. Kb2 Qf2+ 37. Kb1 Qe1 38. Kb2 Qf2+ 39. Kb1 Qe1
1/2-1/2

[Event "Hastings Masters"]
[Site "Hastings"]
[Date "2010.12.31"]
[Round "4.34"]
[White "Calvert, D Ian"]
[Black "White, Michael J R"]
[Result "0-1"]
[WhiteElo "1981"]
[BlackElo "2247"]
[PlyCount "74"]
[EventDate "2010.12.28"]

1. b3 e5 2. Bb2 Nc6 3. e3 Nf6 4. Nf3 Bd6 5. d4 e4 6. Nfd2 O-O 7. c4 Re8 8. Ba3
Bxa3 9. Nxa3 d5 10. Be2 Ne7 11. O-O c6 12. b4 a6 13. Nab1 Nd7 14. Nc3 f5 15.
cxd5 cxd5 16. f4 exf3 17. Nxf3 Nf6 18. Ne5 Nc6 19. Nxc6 bxc6 20. Qd2 Qe7 21.
Nd1 Ne4 22. Qe1 Ra7 23. Rc1 Qd6 24. Bd3 Rae7 25. Bxe4 Rxe4 26. Qc3 Bd7 27. g3
g5 28. Qc5 Qb8 29. a4 h5 30. b5 axb5 31. axb5 cxb5 32. Nc3 Rxe3 33. Nxd5 Rxg3+
34. hxg3 Qxg3+ 35. Kh1 Re2 36. Rf2 Rxf2 37. Nf6+ Kf7 0-1

[Event "Hastings Masters"]
[Site "Hastings"]
[Date "2010.12.31"]
[Round "4.35"]
[White "Grant, Alan G"]
[Black "Spanton, Tim R"]
[Result "1-0"]
[WhiteElo "2219"]
[BlackElo "2030"]
[PlyCount "77"]
[EventDate "2010.12.28"]

1. Nf3 d5 2. c4 e6 3. g3 Nf6 4. Bg2 c5 5. O-O Nc6 6. b3 d4 7. Bb2 e5 8. e3 Bd6
9. exd4 cxd4 10. a3 a5 11. d3 O-O 12. Nbd2 Bf5 13. Qc2 Nd7 14. Nh4 Bg4 15. h3
Be6 16. Rae1 Qe7 17. f4 f6 18. fxe5 Bxe5 19. Nf5 Bxf5 20. Rxf5 g6 21. Rff1 Nc5
22. Nf3 Qd6 23. Nxe5 Nxe5 24. Bd5+ Kg7 25. Bxd4 Nexd3 26. Re3 Ne5 27. Rxf6 Rxf6
28. Bxe5 Qe7 29. Qc3 Raf8 30. Bxf6+ Qxf6 31. Re7+ Kh8 32. Qxf6+ Rxf6 33. b4
axb4 34. axb4 Nd3 35. Rxb7 Rf2 36. Be4 Rd2 37. Rd7 Rd1+ 38. Kh2 Rd2+ 39. Bg2
1-0

[Event "Hastings Masters"]
[Site "Hastings"]
[Date "2010.12.31"]
[Round "4.36"]
[White "Jaunooby, Ali"]
[Black "Stewart, Ashley"]
[Result "1/2-1/2"]
[WhiteElo "1980"]
[BlackElo "2207"]
[PlyCount "92"]
[EventDate "2010.12.28"]

{Campbell, Eoin"]} 1. c4 Nf6 2. Nc3 d5 3. d4 g6 4. Bg5 Ne4 5. Bh4 Nxc3 6. bxc3
Bg7 7. e3 c5 8. cxd5 cxd4 9. Qa4+ Bd7 10. Qb4 dxc3 11. Rc1 Na6 12. Qa3 Rc8 13.
d6 c2 14. Bxa6 bxa6 15. Bxe7 Qb6 16. Ne2 Bb2 17. Qd3 Qa5+ 18. Qd2 Qxd2+ 19.
Kxd2 Bxc1+ 20. Rxc1 Be6 21. Nc3 f5 22. e4 Kd7 23. e5 Rc5 24. Bf6 Rhc8 25. Rxc2
a5 26. h3 a4 27. a3 Rc4 28. g3 Rb8 29. Bg5 Rb3 30. Nxa4 Rxc2+ 31. Kxc2 Rb5 32.
Kc3 Rxe5 33. Be3 Kc6 34. Bf4 Ra5 35. Kb4 Rb5+ 36. Kc3 Rb3+ 37. Kd4 Rxa3 38. Nc5
Bd7 39. Nd3 Ra4+ 40. Ke5 Ra3 41. Nb4+ Kb7 42. Nd5 Ra5 43. Kd4 Ra4+ 44. Ke5 Ra5
45. Kd4 Be6 46. Nc7 Bd7 1/2-1/2

[Event "Hastings Masters"]
[Site "?"]
[Date "2010.12.31"]
[Round "4.37"]
[White "Campbell, Eoin"]
[Black "Sugden, John N"]
[Result "0-1"]
[WhiteElo "1950"]
[BlackElo "2193"]
[PlyCount "98"]
[EventDate "2010.12.28"]

1. Nf3 c5 2. c4 Nc6 3. g3 g6 4. Bg2 Bg7 5. Nc3 e6 6. O-O Nge7 7. d3 O-O 8. Bg5
h6 9. Bxe7 Qxe7 10. e3 b6 11. d4 Rb8 12. Qd2 d6 13. Rad1 cxd4 14. exd4 Ba6 15.
b3 d5 16. Rfe1 dxc4 17. bxc4 Na5 18. Ne5 Rbc8 19. Nd5 exd5 20. Nxg6 Qd6 21.
Ne7+ Kh8 22. Nxc8 Rxc8 23. cxd5 Bb7 24. Rc1 Rd8 25. Re3 Bxd5 26. Bxd5 Qxd5 27.
Rce1 Nc6 28. Re8+ Rxe8 29. Rxe8+ Kh7 30. Qf4 Nxd4 31. Qe4+ Qxe4 32. Rxe4 Ne6
33. h4 Kg6 34. Kg2 Bd4 35. Kf3 b5 36. Rg4+ Kf5 37. Rg8 b4 38. Rb8 Bb6 39. g4+
Kf6 40. Ke4 Nc5+ 41. Kd5 Nd3 42. Kc4 Ne5+ 43. Kb3 Nxg4 44. Kxb4 Bxf2 45. a4
Bxh4 46. Kb5 Bf2 47. Ka6 h5 48. Rb3 h4 49. a5 Be3 0-1

[Event "Hastings Masters"]
[Site "Hastings"]
[Date "2010.12.31"]
[Round "4.38"]
[White "Dunlop, Neil J"]
[Black "Rich, Mark C"]
[Result "0-1"]
[WhiteElo "1923"]
[BlackElo "2145"]
[PlyCount "106"]
[EventDate "2010.12.28"]

1. e4 c5 2. Nc3 a6 3. g3 b5 4. a3 Bb7 5. Bg2 Nf6 6. d3 e6 7. Nge2 d5 8. exd5
Nxd5 9. O-O Nxc3 10. Nxc3 Bxg2 11. Kxg2 Nc6 12. Be3 Be7 13. Qd2 h5 14. h3 Qd7
15. f3 f5 16. h4 Rc8 17. Ne2 e5 18. Bg5 Bd6 19. a4 Qb7 20. axb5 axb5 21. Ra2
O-O 22. Rfa1 Rce8 23. c4 b4 24. b3 f4 25. gxf4 exf4 26. d4 cxd4 27. Nxd4 Nxd4
28. Qxd4 Be5 29. Qd2 Bxa1 30. Rxa1 Re3 31. Qd5+ Qxd5 32. cxd5 Rc8 33. Rd1 Rc2+
34. Kg1 Ree2 35. Bxf4 Re7 36. Bd6 Rb7 37. Be5 Kf7 38. f4 g6 39. Ra1 Rd2 40. d6
Rd3 41. Rc1 Ke6 42. Rc8 Rxb3 43. Re8+ Kd7 44. Rg8 Rd3 45. Rxg6 b3 46. Rg7+ Kc6
47. Rc7+ Rxc7 48. dxc7 Kd7 49. Kf2 b2 50. c8=Q+ Kxc8 51. Bxb2 Rd2+ 52. Ke3 Rxb2
53. Ke4 Rb5 0-1

[Event "Hastings Masters"]
[Site "Hastings"]
[Date "2010.12.31"]
[Round "4.39"]
[White "Almond, Richard J"]
[Black "Hoare, Amy"]
[Result "1/2-1/2"]
[WhiteElo "2145"]
[BlackElo "1921"]
[PlyCount "73"]
[EventDate "2010.12.28"]

1. d4 Nf6 2. c4 g6 3. Nf3 Bg7 4. g3 O-O 5. Bg2 d5 6. cxd5 Nxd5 7. O-O Nc6 8.
Nc3 Nb6 9. e3 e5 10. d5 Ne7 11. e4 Nc4 12. Qe2 Nd6 13. Rd1 Qe8 14. b3 f5 15.
Bb2 Bd7 16. a4 h6 17. Rac1 Rc8 18. Rd2 g5 19. exf5 Nexf5 20. Re1 Nd4 21. Nxd4
exd4 22. Ne4 Nxe4 23. Bxe4 Bf5 24. f3 c5 25. dxc6 Bxe4 26. Qxe4 Qxe4 27. fxe4
Rxc6 28. e5 Re6 29. Bxd4 Rd8 30. Red1 a6 31. Bb2 Rxd2 32. Rxd2 Bxe5 33. Bxe5
Rxe5 34. Rd7 b5 35. Rd6 bxa4 36. bxa4 Ra5 37. Rd4 1/2-1/2

[Event "Hastings Masters"]
[Site "?"]
[Date "2010.12.31"]
[Round "4.40"]
[White "Green, Andrew"]
[Black "Haria, Ravi"]
[Result "1/2-1/2"]
[WhiteElo "214"]
[BlackElo "1952"]
[PlyCount "132"]
[EventDate "2010.12.28"]

1. e4 e6 2. d3 d5 3. Qe2 b6 4. Nf3 dxe4 5. Qxe4 c6 6. g3 Nf6 7. Qe2 Bb7 8. Bg2
Be7 9. O-O O-O 10. Ne5 Qc7 11. Bf4 Bd6 12. Re1 Nd5 13. Bd2 c5 14. Na3 Bxe5 15.
Qxe5 Qxe5 16. Rxe5 Nc6 17. Ree1 Rfd8 18. Nc4 Rac8 19. Ne3 Nce7 20. Rad1 Rd7 21.
Bc1 Rcd8 22. a3 b5 23. Ng4 Nc6 24. Ne5 Nxe5 25. Rxe5 b4 26. Bd2 a5 27. h4 Rd6
28. c4 bxc3 29. bxc3 f6 30. Ree1 R8d7 31. Rb1 Ba6 32. c4 Ne7 33. Bxa5 Rxd3 34.
Rxe6 Bxc4 35. Ree1 Rxa3 36. Bb6 Rb3 37. Rxb3 Bxb3 38. Bxc5 Kf7 39. Re3 Be6 40.
Re1 Rc7 41. Ba3 Ra7 42. Bc5 Rc7 43. Bb4 Nd5 44. Bd6 Rd7 45. Bc5 Rc7 46. Bd4 Rc4
47. Ba1 Ra4 48. Rb1 Rb4 49. Rd1 Ne7 50. Bf3 Bg4 51. Bxg4 Rxg4 52. Kg2 Ra4 53.
Bc3 Rc4 54. Be1 Ra4 55. f3 Nf5 56. Bf2 Ra2 57. Rd3 Ne7 58. g4 Ra5 59. Rd7 Ke6
60. Rb7 Rd5 61. Be1 Rd7 62. Rb6+ Rd6 63. Rb8 Kf7 64. Kg3 Nc6 65. Rb7+ Kg8 66.
h5 Ne5 1/2-1/2

[Event "Hastings Masters"]
[Site "Hastings"]
[Date "2010.12.31"]
[Round "4.44"]
[White "Messam-Sparks, Lateefah"]
[Black "Sreeves, Clement"]
[Result "0-1"]
[WhiteElo "1917"]
[BlackElo "2104"]
[PlyCount "66"]
[EventDate "2010.12.28"]

1. d4 Nf6 2. c4 g6 3. Nc3 Bg7 4. e4 d6 5. f4 O-O 6. Nf3 c5 7. d5 e6 8. Be2 exd5
9. cxd5 Bg4 10. O-O Re8 11. h3 Bxf3 12. Bxf3 Nbd7 13. Qc2 a6 14. a4 c4 15. Be3
Qa5 16. Rfe1 Nc5 17. Bxc5 Qxc5+ 18. Kh1 Nd7 19. g4 b5 20. axb5 axb5 21. Rac1 b4
22. Nd1 Rec8 23. Be2 Nb6 24. Bf3 Qd4 25. Qe2 Ra2 26. Rc2 c3 27. bxc3 Rxc2 28.
Qxc2 bxc3 29. Nf2 Nc4 30. Nd1 Qd2 31. Re2 Qxf4 32. Rf2 Bd4 33. Rf1 Nd2 0-1

[Event "Hastings Masters"]
[Site "Hastings"]
[Date "2010.12.31"]
[Round "4.44"]
[White "Rolvaag, Birk Anders"]
[Black "Barton, R Alan"]
[Result "1/2-1/2"]
[WhiteElo "1917"]
[BlackElo "2103"]
[PlyCount "31"]
[EventDate "2010.12.28"]

1. e4 d6 2. Nc3 g6 3. g3 Bg7 4. Bg2 e5 5. Nge2 Ne7 6. d3 c5 7. O-O Nbc6 8. Be3
Nd4 9. f4 Bg4 10. h3 Bd7 11. g4 exf4 12. Nxf4 Rb8 13. Qd2 O-O 14. Nfd5 Nec6 15.
Bh6 Be6 16. Rf2 1/2-1/2

[Event "Hastings Masters"]
[Site "Hastings"]
[Date "2010.12.31"]
[Round "4.44"]
[White "De Coverly, Roger D"]
[Black "Malhotra, Tarun"]
[Result "1/2-1/2"]
[WhiteElo "2091"]
[BlackElo "1913"]
[PlyCount "101"]
[EventDate "2010.12.28"]

1. Nf3 c5 2. g3 Nf6 3. Bg2 d5 4. O-O Nc6 5. d4 e6 6. c4 cxd4 7. cxd5 Nxd5 8.
Nxd4 Be7 9. Nxc6 bxc6 10. e4 Nb6 11. Qxd8+ Bxd8 12. Bf4 Be7 13. Rc1 Bb7 14. a4
a5 15. Nd2 c5 16. Bc7 Nd7 17. Nc4 O-O 18. Bxa5 Ne5 19. Nxe5 Rxa5 20. Nc4 Ra7
21. e5 Ba6 22. Na5 Rc8 23. Nc6 Rac7 24. Nxe7+ Rxe7 25. Bf1 Bxf1 26. Kxf1 Rb7
27. Ra2 Kf8 28. a5 Rb5 29. a6 Ra8 30. Rd1 Rb6 31. Rda1 Ra7 32. Ke2 Ke7 33. Rc1
Rb5 34. Kd2 Kd7 35. Kc3 Rb6 36. Rca1 Kc6 37. b3 h5 38. h4 g6 39. Ra5 Rb5 40.
R5a4 Rb8 41. Rf4 Rd8 42. Ra2 Rd5 43. Re4 Kb5 44. f4 Rxa6 45. Rxa6 Kxa6 46. Ra4+
Kb6 47. Ra8 Rd7 48. Rc8 Kb5 49. Rb8+ Kc6 50. Ra8 Kb6 51. Rc8 1/2-1/2

[Event "Hastings Masters"]
[Site "Hastings"]
[Date "2010.12.31"]
[Round "4.44"]
[White "Ramstad, Havard"]
[Black "Hegarty, Sarah N"]
[Result "1/2-1/2"]
[WhiteElo "1793"]
[BlackElo "2080"]
[PlyCount "111"]
[EventDate "2010.12.28"]

1. d4 Nf6 2. c4 g6 3. Nc3 d5 4. cxd5 Nxd5 5. e4 Nxc3 6. bxc3 Bg7 7. Bc4 O-O 8.
Ne2 c5 9. O-O Nc6 10. Be3 Qc7 11. Rc1 Rd8 12. Bf4 Be5 13. Bxe5 Nxe5 14. Qb3
Nxc4 15. Qxc4 Be6 16. d5 Bd7 17. f4 Qa5 18. Qb3 c4 19. Qc2 f5 20. Nd4 Ba4 21.
Qe2 fxe4 22. Qxe4 Qxd5 23. Qxe7 Re8 24. Qh4 Re4 25. Qg3 Rae8 26. f5 Re3 27. Qf2
Bd7 {(=)} 28. fxg6 hxg6 29. Qf6 R3e7 30. Rc2 Qh5 31. Rcf2 Rh7 32. Qf8+ Rxf8 33.
Rxf8+ Kg7 34. R8f7+ Kh6 35. Rxh7+ Kxh7 36. Rf7+ Kh6 37. Rxd7 Qd1+ 38. Kf2 Qd2+
39. Kg3 Qxc3+ 40. Nf3 Qb4 41. h4 {(=)} Qb5 42. Rf7 c3 43. Ng5 Qd3+ 44. Kg4 Qd4+
45. Kh3 Qh8 46. Rc7 Qg8 47. g4 b5 48. Ne4 Qe6 49. Ng5 {(=)} Qg8 50. Ne4 Qe6 51.
Ng5 Qe3+ 52. Kg2 Qe2+ 53. Kh3 Qf1+ 54. Kg3 Qg1+ 55. Kh3 Qh1+ 56. Kg3 1/2-1/2

[Event "Hastings Masters"]
[Site "?"]
[Date "2010.12.31"]
[Round "4.46"]
[White "Atako, Chino"]
[Black "Macrae, James S"]
[Result "1-0"]
[WhiteElo "1791"]
[BlackElo "2039"]
[PlyCount "29"]
[EventDate "2010.12.28"]

1. e4 b6 2. d4 Bb7 3. Bd3 e6 4. Nf3 c5 5. O-O cxd4 6. Nxd4 Nc6 7. Nxc6 Bxc6 8.
Nd2 Qc7 9. Nf3 d6 10. Qe2 Nf6 11. Nd4 Bd7 12. Qf3 Rd8 13. Nb5 Qb8 14. Qg3 g6
15. Qh4 {remaining moves illegible} 1-0

[Event "Hastings Masters"]
[Site "Hastings"]
[Date "2010.12.31"]
[Round "4.47"]
[White "Pleininger, Rudolf"]
[Black "Young, Mel J"]
[Result "0-1"]
[WhiteElo "1998"]
[BlackElo "1938"]
[PlyCount "72"]
[EventDate "2010.12.28"]

1. e4 c5 2. Nc3 d6 3. f4 g6 4. Nf3 Bg7 5. Rb1 Nc6 6. Bb5 Bd7 7. d3 Nf6 8. O-O
O-O 9. Bd2 a6 10. Bxc6 Bxc6 11. Qe1 e6 12. Qh4 c4 13. f5 exf5 14. Bh6 Bxh6 15.
Qxh6 Ng4 16. Qf4 cxd3 17. cxd3 Qb6+ 18. d4 fxe4 19. Nxe4 Bxe4 20. Qxe4 f5 21.
Qd3 Rfe8 22. h3 Ne5 23. Qd1 Nxf3+ 24. Rxf3 Re4 25. Rd3 Rae8 26. Qd2 Re2 27. Qc3
Qb5 28. Qb3+ Qxb3 29. Rxb3 b5 30. a4 bxa4 31. Rb6 Rd2 32. Rxd6 Ree2 33. Rc1 Kg7
34. d5 Rxg2+ 35. Kh1 Rh2+ 36. Kg1 Rxh3 {remaining moves illegible} 0-1

[Event "Hastings Masters"]
[Site "Hastings"]
[Date "2010.12.31"]
[Round "4.48"]
[White "Quinn, Joseph"]
[Black "Jelsen, Yemi"]
[Result "1/2-1/2"]
[WhiteElo "1815"]
[BlackElo "1967"]
[PlyCount "73"]
[EventDate "2010.12.28"]

1. e4 c5 2. Nf3 d6 3. d4 cxd4 4. Nxd4 Nf6 5. Nc3 a6 6. Be2 e5 7. Nb3 Be6 8. O-O
Be7 9. Be3 O-O 10. f4 Qc7 11. f5 Bc4 12. Nd2 Bxe2 13. Qxe2 b5 14. a3 Nbd7 15.
Rad1 Nb6 16. Kh1 Nc4 17. Nxc4 bxc4 18. Rf3 Rfc8 19. Rg3 Qb7 20. Bh6 Bf8 21. Bg5
Ne8 22. Nd5 Qxb2 23. Qh5 Qb7 24. Bf6 g6 25. fxg6 fxg6 26. Rxg6+ hxg6 27. Qh8+
Kf7 28. Qh7+ Ng7 29. Bxg7 Bxg7 30. Rf1+ Ke8 31. Qg8+ Kd7 32. Qxg7+ Kc6 33. Nb4+
Kb6 34. Nd5+ Kc6 35. Nb4+ Kb6 36. Nd5+ Kc6 37. Nb4+ 1/2-1/2

[Event "Hastings Masters"]
[Site "Hastings"]
[Date "2010.12.31"]
[Round "4.50"]
[White "Pooley, Mark"]
[Black "Kelly, Paul J"]
[Result "0-1"]
[WhiteElo "1778"]
[BlackElo "1946"]
[PlyCount "76"]
[EventDate "2010.12.28"]

1. g3 g5 2. Bg2 Bg7 3. d3 h6 4. e4 e6 5. Nc3 Ne7 6. f4 gxf4 7. Bxf4 Ng6 8. Nge2
d6 9. Bd2 Nc6 10. O-O Bd7 11. a3 Qe7 12. b4 O-O-O 13. Rb1 Rdg8 14. Be3 Kb8 15.
d4 e5 16. d5 Nd8 17. b5 h5 18. Rb4 h4 19. Qd2 Rh7 20. Bf3 hxg3 21. Nxg3 Nf4 22.
Bg2 Qh4 23. Bxf4 Qxh2+ 24. Kf2 exf4 25. Qxf4 Be5 26. Qxe5 dxe5 27. Nce2 Bh3 28.
Rg1 Rh6 29. Rb3 Rf6+ 30. Ke1 Bxg2 31. Kd1 Bf3 32. Rh1 Bxh1 33. Nf5 Bxe4 34. Ne7
Bxc2+ 35. Kxc2 Qxe2+ 36. Kc3 Rg3+ 37. Kb4 Rf4+ 38. Ka5 b6+ 0-1

[Event "Hastings Masters"]
[Site "Hastings"]
[Date "2010.12.31"]
[Round "4.54"]
[White "Gibbs, Dominic V"]
[Black "Dale, Hannah"]
[Result "1-0"]
[WhiteElo "1941"]
[BlackElo "1790"]
[PlyCount "59"]
[EventDate "2010.12.28"]

1. e4 e6 2. d4 d5 3. Nd2 c5 4. c3 Nc6 5. Ngf3 c4 6. exd5 exd5 7. b3 b5 8. a4
Qa5 9. b4 Qb6 10. axb5 Qxb5 11. Nb3 Nf6 12. Nc5 Be7 13. Be2 O-O 14. O-O Bg4 15.
Bg5 Rfe8 16. Re1 a5 17. bxa5 Nxa5 18. Rb1 Qc6 19. Ne5 Bxe2 20. Nxc6 Bxd1 21.
Nxe7+ Rxe7 22. Rxe7 Bc2 23. Rbe1 Nb3 24. Bxf6 gxf6 25. Re8+ Rxe8 26. Rxe8+ Kg7
27. Rd8 Nc1 28. Kf1 Na2 29. Ke1 Bf5 30. Rxd5 1-0